Platonis Rempublicam / (Record no. 202)
[ view plain ]
| 000 -LEADER | |
|---|---|
| fixed length control field | 01536cam a2200397 a 4500 |
| 001 - CONTROL NUMBER | |
| control field | 13436518 |
| 005 - DATE AND TIME OF LATEST TRANSACTION | |
| control field | 20200421093822.0 |
| 008 - FIXED-LENGTH DATA ELEMENTS--GENERAL INFORMATION | |
| fixed length control field | 031217s2003 enk 001 0 grc |
| 010 ## - LIBRARY OF CONGRESS CONTROL NUMBER | |
| LC control number | 2003273964 |
| 015 ## - NATIONAL BIBLIOGRAPHY NUMBER | |
| National bibliography number | GBA2-T7868 |
| 020 ## - INTERNATIONAL STANDARD BOOK NUMBER | |
| International Standard Book Number | 0199248494 |
| 035 ## - SYSTEM CONTROL NUMBER | |
| System control number | (OCoLC)ocm51108407 |
| 040 ## - CATALOGING SOURCE | |
| Original cataloging agency | UKM |
| Transcribing agency | UKM |
| Modifying agency | C#P |
| -- | OCLCQ |
| -- | DAY |
| -- | DLC |
| 041 0# - LANGUAGE CODE | |
| Language code of text/sound track or separate title | grc |
| -- | lat |
| 050 00 - LIBRARY OF CONGRESS CALL NUMBER | |
| Classification number | PA4279 |
| Item number | .R4 2003 |
| 082 00 - DEWEY DECIMAL CLASSIFICATION NUMBER | |
| Classification number | 321/.07 |
| Edition information | 22 |
| 100 0# - MAIN ENTRY--PERSONAL NAME | |
| Personal name | Plato. |
| 240 10 - UNIFORM TITLE | |
| Uniform title | Republic |
| 245 10 - TITLE STATEMENT | |
| Title | Platonis Rempublicam / |
| Statement of responsibility, etc. | recognovit brevique adnotatione critica instruxit S.R. Slings. |
| 246 30 - VARYING FORM OF TITLE | |
| Title proper/short title | Rempublicam |
| 260 ## - PUBLICATION, DISTRIBUTION, ETC. | |
| Place of publication, distribution, etc. | Oxonii : |
| Name of publisher, distributor, etc. | E Typographeo Clarendoniano ; |
| Place of publication, distribution, etc. | New York : |
| Name of publisher, distributor, etc. | Oxford University Press, |
| Date of publication, distribution, etc. | 2003. |
| 300 ## - PHYSICAL DESCRIPTION | |
| Extent | xxiii, 428 p. ; |
| Dimensions | 19 cm. |
| 440 #0 - SERIES STATEMENT/ADDED ENTRY--TITLE | |
| Title | Scriptorum classicorum bibliotheca Oxoniensis |
| 9 (RLIN) | 381 |
| 500 ## - GENERAL NOTE | |
| General note | Includes index. |
| 546 ## - LANGUAGE NOTE | |
| Language note | Text in Greek with introductory material in Latin. |
| 600 00 - SUBJECT ADDED ENTRY--PERSONAL NAME | |
| Personal name | Plato. |
| Title of a work | Republic |
| General subdivision | Criticism, Textual. |
| 9 (RLIN) | 977 |
| 650 #0 - SUBJECT ADDED ENTRY--TOPICAL TERM | |
| Topical term or geographic name entry element | Utopias |
| Form subdivision | Early works to 1800. |
| 9 (RLIN) | 382 |
| 650 #0 - SUBJECT ADDED ENTRY--TOPICAL TERM | |
| Topical term or geographic name entry element | Political science |
| Form subdivision | Early works to 1800. |
| 9 (RLIN) | 978 |
| 650 #0 - SUBJECT ADDED ENTRY--TOPICAL TERM | |
| Topical term or geographic name entry element | Justice |
| Form subdivision | Early works to 1800. |
| 9 (RLIN) | 383 |
| 700 1# - ADDED ENTRY--PERSONAL NAME | |
| Personal name | Slings, S. R. |
| 9 (RLIN) | 384 |
| 856 42 - ELECTRONIC LOCATION AND ACCESS | |
| Materials specified | Publisher description |
| Uniform Resource Identifier | <a href="http://www.loc.gov/catdir/enhancements/fy0615/2003273964-d.html">http://www.loc.gov/catdir/enhancements/fy0615/2003273964-d.html</a> |
| 856 42 - ELECTRONIC LOCATION AND ACCESS | |
| Materials specified | Contributor biographical information |
| Uniform Resource Identifier | <a href="http://www.loc.gov/catdir/enhancements/fy0724/2003273964-b.html">http://www.loc.gov/catdir/enhancements/fy0724/2003273964-b.html</a> |
| 906 ## - LOCAL DATA ELEMENT F, LDF (RLIN) | |
| a | 7 |
| b | cbc |
| c | pccadap |
| d | 2 |
| e | ncip |
| f | 20 |
| g | y-gencatlg |
| 942 ## - ADDED ENTRY ELEMENTS (KOHA) | |
| Source of classification or shelving scheme | Dewey Decimal Classification |
| Koha item type | Books |
| Withdrawn status | Lost status | Damaged status | Not for loan | Collection | Home library | Current library | Shelving location | Date acquired | Barcode | Date last seen | Price effective from | Koha item type |
|---|---|---|---|---|---|---|---|---|---|---|---|---|
| Reference | Fairview | Fairview | General stacks | 09/04/2014 | 39999000008517 | 09/04/2014 | 09/04/2014 | Books | ||||
| Reference | Fairview | Fairview | General stacks | 09/04/2014 | 39999000008531 | 09/04/2014 | 09/04/2014 | Books | ||||
| Reference | Midway | Midway | General stacks | 09/04/2014 | 39999000008555 | 09/04/2014 | 09/04/2014 | Books |